| 000 | 00908nam a2200241 a 4500 | ||
|---|---|---|---|
| 001 | BRCA_2927 | ||
| 005 | 20190320204030.0 | ||
| 008 | 151208s1919----mx-a---###---#000-0#spa-# | ||
| 041 | _aspa | ||
| 044 | _amx | ||
| 050 | 4 |
_aQE527 _b.W58 1919 |
|
| 100 | 1 |
_aWittich, Ernest Ludwig Maximilian Emile _98146 |
|
| 245 | 1 | 0 |
_aLos fenomenos microvolcanicos en el pedregal de San Angel _cpor Ernesto Wittich. |
| 260 |
_aMéxico _b[Sociedad Científica ´Antonio Alzate´] _c1919 |
||
| 300 |
_ap. 101-120 _bil., 8 láminas _c23 cm. |
||
| 440 | 0 |
_aMemorias de la Sociedad Científica ´Antonio Alzate´ de México _vt. 38, núm. 3 enero, 1919 _98147 |
|
| 500 | _aIncluye dedicatoria manuscrita en alemán de von Verf [para el señor Franz Mayer con los mejores deseos, México 1 mayo 1919]? | ||
| 500 | _aB68 | ||
| 504 | _aBibliografía: p. 119-120 | ||
| 650 | 1 | 4 |
_aVolcanes _98148 |
| 902 | _aGFM | ||
| 942 |
_2lcc _cB |
||
| 999 |
_c2666 _d2666 |
||